00511nam a2200181Ia 4500003000400000005001700004008004100021010001300062020001500075040002300090050002100113100002100134245006100155260004500216300002600261500001800287650002400305OSt20210211155231.0151021s9999 xx 000 0 und d a20102596 a9966820043 cMMUbengaMMUdMMU aB 5305 O24 1995  aOdhiambo Ochieng aAfrica philosophy an introduction/ bF Ochieng Odhiambo. aNairobi :bConsolata institute, c2009.  axii, 133 p. :c20cm.  ainclude index a_African mentality